[Event "Titled Tuesday intern op 02nd May Early"]
[Site "Chess.com INT"]
[Date "2023.05.02"]
[Round "2"]
[White "Florescu, Codrut Constantin"]
[Black "Fernandez Garcia, Gumersindo"]
[Result "0-1"]
[WhiteElo "2259"]
[BlackElo "2160"]
[PlyCount "140"]
[EventDate "2023.05.02"]
[EventType "swiss (blitz)"]
[EventRounds "11"]
[EventCountry "USA"]
[SourceTitle "EXT 2024"]
[Source "ChessBase"]
[SourceDate "2023.10.10"]
[SourceVersion "1"]
[SourceVersionDate "2023.10.10"]
[SourceQuality "1"]

1. e4 c5 2. Nf3 g6 3. d4 cxd4 4. c3 Bg7 5. cxd4 d5 6. e5 Nc6 7. Nc3 Nh6 8. h3 0-0 9. g4 f6 10. exf6 exf6 11. Be3 Nf7 12. Bg2 f5 13. g5 Be6 14. h4 Nd6 15. Bf4 Ne4 16. 0-0 Qb6 17. Na4 Qb4 18. a3 Qb5 19. Re1 Rfe8 20. Bf1 Qa5 21. b4 Qd8 22. Nc5 Bc8 23. Rc1 a6 24. Bg2 Qe7 25. Re3 Qf7 26. Rd3 Be6 27. Ne1 Nxc5 28. bxc5 Qd7 29. Nc2 Bf7 30. Rb1 Re7 31. Bd6 Re4 32. Bxe4 fxe4 33. Rdb3 Na5 34. Rg3 Bf8 35. Bxf8 Rxf8 36. Ne3 Be6 37. Qd2 Nc6 38. Qb2 Rf7 39. Qd2 Qc8 40. Rf1 Qf8 41. Kg2 Qg7 42. Nc2 Bf5 43. Qe3 Be6 44. f3 exf3+ 45. Rgxf3 Bf5 46. Rxf5 gxf5 47. Qf4 Qf8 48. h5 Qe7 49. Rf2 Qe4+ 50. Kg3 Qd3+ 51. Kh4 Re7 52. Qxf5 Re4+ 53. Rf4 Rxf4+ 54. Qxf4 Qxc2 55. g6 Qe4 56. Kg5 Qxf4+ 57. Kxf4 hxg6 58. hxg6 Nxd4 59. Ke5 Nc2 60. Kxd5 Nxa3 61. c6 bxc6+ 62. Kxc6 Nb5 63. Kb6 Nc7 64. Kxc7 a5 65. Kd6 a4 66. Ke6 a3 67. Kf6 a2 68. Kg5 a1Q 69. Kh6 Qh1+ 70. Kg5 Kg7 0-1

[Event "Titled Tuesday intern op 02nd May Early"]
[Site "Chess.com INT"]
[Date "2023.05.02"]
[Round "10"]
[White "Shvedova, Alexandra"]
[Black "Florescu, Codrut Constantin"]
[Result "1/2-1/2"]
[WhiteElo "2207"]
[BlackElo "2259"]
[PlyCount "89"]
[EventDate "2023.05.02"]
[EventType "swiss (blitz)"]
[EventRounds "11"]
[EventCountry "USA"]
[SourceTitle "EXT 2024"]
[Source "ChessBase"]
[SourceDate "2023.10.10"]
[SourceVersion "1"]
[SourceVersionDate "2023.10.10"]
[SourceQuality "1"]

1. e4 c5 2. Ne2 e6 3. d4 cxd4 4. Nxd4 a6 5. c4 Nf6 6. Nc3 Bb4 7. Qd3 0-0 8. a3 Bxc3+ 9. bxc3 d5 10. exd5 exd5 11. Be2 dxc4 12. Qxc4 b5 13. Qa2 Bb7 14. 0-0 Nbd7 15. Bg5 Qc7 16. Rac1 Ne5 17. Bxf6 gxf6 18. Qd2 Kh8 19. Qf4 Qb6 20. Nf5 Rg8 21. Ng3 Rg6 22. Rfd1 Rag8 23. Bf1 Rg4 24. Qd2 Ra4 25. Qd6 Qxd6 26. Rxd6 Rxa3 27. Rxf6 Rc8 28. Re1 Ng6 29. Rxf7 Bd5 30. Rd7 Ba2 31. Nh5 Rf8 32. Rc7 Bg8 33. Rd1 Ra2 34. f3 a5 35. Rdd7 a4 36. Ra7 a3 37. Bxb5 Nh4 38. Bd3 Rxg2+ 39. Kh1 Rd2 40. Rxh7+ Bxh7 41. Rxh7+ Kg8 42. Rg7+ Kh8 43. Rh7+ Kg8 44. Rg7+ Kh8 45. Rh7+ 1/2-1/2

[Event "Titled Tuesday intern op 04th Apr Early"]
[Site "Chess.com INT"]
[Date "2023.04.04"]
[Round "2"]
[White "Silva Lucena, Cristian"]
[Black "Florescu, Codrut Constantin"]
[Result "1-0"]
[WhiteElo "2285"]
[BlackElo "2250"]
[PlyCount "79"]
[EventDate "2023.04.04"]
[EventType "swiss (blitz)"]
[EventRounds "11"]
[EventCountry "USA"]
[SourceTitle "EXT 2024"]
[Source "ChessBase"]
[SourceDate "2023.10.10"]
[SourceVersion "1"]
[SourceVersionDate "2023.10.10"]
[SourceQuality "1"]

1. e4 c5 2. Ne2 e6 3. d4 cxd4 4. Nxd4 a6 5. Nc3 d6 6. Be3 Nf6 7. f3 b5 8. Qd2 h5 9. a4 b4 10. Na2 a5 11. c3 d5 12. e5 Nfd7 13. f4 Nc5 14. cxb4 axb4 15. Bb5+ Bd7 16. 0-0 Ne4 17. Qe1 g6 18. Nxb4 Bc5 19. Nd3 Bxd4 20. Bxd4 Nc6 21. Bxc6 Bxc6 22. a5 Bb5 23. Rf3 Bxd3 24. Rxd3 0-0 25. b4 Qd7 26. Rb3 Qb5 27. Qf1 Rfb8 28. Qxb5 Rxb5 29. a6 Nd2 30. Rd3 Nc4 31. Bc5 Nb6 32. a7 Kg7 33. Rda3 Nc4 34. Ra6 Nd2 35. R1a3 g5 36. fxg5 Ne4 37. Rb6 Rxb6 38. Bxb6 Nd2 39. Bd4 h4 40. b5 1-0

[Event "Titled Tuesday intern op 28th Mar Late"]
[Site "Chess.com INT"]
[Date "2023.03.28"]
[Round "2"]
[White "Florescu, Codrut Constantin"]
[Black "Shkuran, Danylo"]
[Result "1-0"]
[WhiteElo "2245"]
[BlackElo "2329"]
[PlyCount "67"]
[EventDate "2023.03.28"]
[EventType "swiss (blitz)"]
[EventRounds "11"]
[EventCountry "USA"]
[SourceTitle "EXT 2024"]
[Source "ChessBase"]
[SourceDate "2023.10.10"]
[SourceVersion "1"]
[SourceVersionDate "2023.10.10"]
[SourceQuality "1"]

1. e4 e6 2. d4 d5 3. Nc3 Bb4 4. Bd2 Ne7 5. e5 b6 6. Nf3 0-0 7. a3 Bxc3 8. Bxc3 h6 9. h4 c5 10. h5 Ba6 11. Bxa6 Nxa6 12. Qd3 Nb8 13. 0-0-0 Nbc6 14. g4 cxd4 15. Bxd4 Nxd4 16. Nxd4 Qc7 17. f4 Nc6 18. Nxc6 Qxc6 19. g5 Rac8 20. Rhg1 Kh8 21. Rg2 Qc4 22. Qxc4 Rxc4 23. f5 Re4 24. gxh6 gxh6 25. fxe6 fxe6 26. Rg6 Rxe5 27. Rxh6+ Kg7 28. Rg6+ Kh7 29. Rdg1 Rf7 30. Kd2 Rxh5 31. Rxe6 Rh2+ 32. Re2 Rh5 33. Kd3 Rhf5 34. Rh2+ 1-0

[Event "Titled Tuesday intern op 28th Mar Late"]
[Site "Chess.com INT"]
[Date "2023.03.28"]
[Round "11"]
[White "Mendez Fortes, Eduardo Jesus"]
[Black "Florescu, Codrut Constantin"]
[Result "1-0"]
[WhiteElo "2250"]
[BlackElo "2245"]
[PlyCount "121"]
[EventDate "2023.03.28"]
[EventType "swiss (blitz)"]
[EventRounds "11"]
[EventCountry "USA"]
[SourceTitle "EXT 2024"]
[Source "ChessBase"]
[SourceDate "2023.10.10"]
[SourceVersion "1"]
[SourceVersionDate "2023.10.10"]
[SourceQuality "1"]

1. e4 c5 2. Nf3 e6 3. d4 cxd4 4. Nxd4 a6 5. c4 Nf6 6. Nc3 Bb4 7. Qd3 0-0 8. Be2 d5 9. exd5 exd5 10. 0-0 Nc6 11. Nxc6 bxc6 12. cxd5 Nxd5 13. Nxd5 Qxd5 14. Qc2 Bf5 15. Qa4 c5 16. Bf3 Be4 17. Bxe4 Qxe4 18. a3 a5 19. Be3 h5 20. axb4 axb4 21. Qb3 Rac8 22. h3 h4 23. Rac1 Qf5 24. Qc4 Rfe8 25. Qxh4 Re4 26. Qg3 c4 27. Rfd1 c3 28. bxc3 bxc3 29. Qd6 c2 30. Rd2 Rec4 31. Re2 Qb5 32. Ree1 R4c6 33. Qd4 Rg6 34. Qe4 Rc4 35. Qd3 Qc6 36. g3 Rc3 37. Qd8+ Kh7 38. Qh4+ Kg8 39. Bd4 Rc4 40. Qd8+ Kh7 41. Be3 Qf3 42. Qd3 Qc6 43. Re2 Rc3 44. Rexc2 Rxc2 45. Rxc2 Qf3 46. Qe2 Qe4 47. Rc4 Qf5 48. Rc5 Qb1+ 49. Qf1 Qe4 50. Qc4 Qb1+ 51. Qc1 Qe4 52. Rh5+ Rh6 53. Bxh6 g6 54. Rh4 Qf5 55. Bg5+ Kg7 56. Qc3+ f6 57. Bxf6+ Kf7 58. Rh7+ Ke6 59. Re7+ Kd6 60. Qc7+ Kd5 61. Re5+ 1-0

[Event "Titled Tuesday intern op 28th Feb Early"]
[Site "Chess.com INT"]
[Date "2023.02.28"]
[Round "9"]
[White "Diaz Perez, Michel Alejandro"]
[Black "Florescu, Codrut Constantin"]
[Result "1-0"]
[WhiteElo "2414"]
[BlackElo "2245"]
[PlyCount "83"]
[EventDate "2023.02.28"]
[EventType "swiss (blitz)"]
[EventRounds "11"]
[EventCountry "USA"]
[SourceTitle "CBM 213 Extra"]
[Source "ChessBase"]
[SourceDate "2023.05.31"]
[SourceVersion "1"]
[SourceVersionDate "2023.05.31"]
[SourceQuality "1"]

1. Nf3 d5 2. c4 e6 3. e3 Nf6 4. b3 b6 5. Bb2 Bb7 6. Qc2 a6 7. a3 Nbd7 8. Nc3 Bd6 9. Be2 0-0 10. 0-0 Re8 11. d4 c5 12. cxd5 exd5 13. Rfd1 b5 14. dxc5 Nxc5 15. Rac1 Qe7 16. Nd4 g6 17. b4 Ne6 18. Nxe6 Qxe6 19. Bf3 Rac8 20. Qb3 Rc4 21. Ne2 Rec8 22. Nd4 Qe5 23. g3 Qg5 24. Qd3 Be5 25. Qe2 Ne4 26. Rxc4 dxc4 27. Qc2 c3 28. Bc1 Nd6 29. Bxb7 Nxb7 30. Nf3 Qf6 31. Qe4 Nd6 32. Qxe5 Qxf3 33. Qxd6 h5 34. Qd5 Qe2 35. Qd3 Qf3 36. e4 Qg4 37. Kg2 Rc4 38. f3 Qe6 39. Bf4 Kg7 40. Rc1 Qf6 41. Qd5 Rd4 42. Be5 1-0